[Event "Tourn. n10290"]
[Site "www.echecsemail.com"]
[Date "2020.02.12"]
[Round "1"]
[White "Fantomas"]
[Black "Krystek23"]
[WhiteElo "2200"]
[BlackElo "2410"]
[Result "1-0"]
[Round "1"]
1.e4 c5
2.Ng1f3 e6
3.d4 cxd4
4.Nf3xd4 Nb8c6
5.Nd4b3 Ng8f6
6.Qd1f3 d5
7.exd5 Nf6xd5
8.c3 Bf8e7
9.Bf1b5 Bc8d7
10.O-O O-O
11.Bb5e2 f5
12.Be2c4 Nc6e5
13.Qf3e2 Ne5xc4
14.Qe2xc4 Ra8c8
15.Qc4d3 a6
16.Rf1d1  { time }
1-0

[Event "Match"]
[Site "www.echecsemail.com"]
[Date "2020.02.12"]
[Round "1"]
[White "Fereike"]
[Black "Andychesston"]
[WhiteElo "1710"]
[BlackElo "1750"]
[Result "0-1"]
[Round "1"]
1.c4 e5
2.Nb1c3 Ng8f6
3.g3 d5
4.cxd5 Bf8c5
5.Qd1a4 Bc8d7
6.Qa4b3 O-O
7.Qb3xb7 Bc5xf2
8.Kxf2 Nf6g4
9.Kg2 Qd8f6
10.Nc3e4 Qf6f5
11.d3 c6
12.Ng1f3 cxd5
13.Qb7xd5 Bd7c6
14.Qd5c4 Rf8d8
15.h3 Ng4f6
16.Ne4xf6 Qf5xf6
17.Bc1g5 Bc6xf3
18.exf3 Qf6xg5
19.Ra1d1 Qg5e3
20.Qc4e4 Qe3xe4
21.fxe4 Nb8c6
22.a3 Ra8b8
23.b4 Nc6d4
24.Rd1d2 Rd8c8
25.Bf1e2 Rc8c3
26.Rh1a1 Rb8c8
27.Be2d1 g6
28.Kf2 f5
29.Ke3 Nd4b3
30.Bd1xb3 Rc3xb3
31.exf5 g5
32.Ke4 Rc8e8
33.g4 Rb3c3
34.Rd2b2 Kf7
35.a4 Kf6
36.b5 Re8d8
37.Rb2d2 Rd8d4
38.Ke3 Rd4f4
39.a5 Rc3b3
40.b6 a6
41.Rd2c2 Rf4d4
42.Rc2c6 Ke7
43.Rc6c7 Kd6
44.Rc7xh7 Rb3xd3
45.Ke2 Rd3d2
46.Ke1 Rd2h2
 { time }
0-1

[Event "Tourn. n10277"]
[Site "www.echecsemail.com"]
[Date "2020.02.12"]
[Round "1"]
[White "Odin"]
[Black "Mb20"]
[WhiteElo "1800"]
[BlackElo "1969"]
[Result "1/2-1/2"]
[Round "1"]
1.d4 Ng8f6
2.Bc1f4 d5
3.Nb1c3 c6
4.Ng1f3 Nb8d7
5.e3 e6
6.Bf1d3 Bf8e7
7.Bf4e5 Nd7xe5
8.Nf3xe5 O-O
9.O-O Be7d6
10.Rf1e1 Qd8c7
11.h3 Bd6xe5
12.dxe5 Qc7xe5
13.Ra1b1 Qe5d6
14.e4 dxe4
15.Nc3xe4 Qd6e7
16.a3 Nf6xe4
17.Re1xe4 Ra8b8
18.Qd1f3 g6
19.Rb1e1 Bc8d7
20.b4 a6
{ draw }
1/2-1/2

[Event "Tourn. n10263"]
[Site "www.echecsemail.com"]
[Date "2020.02.12"]
[Round "1"]
[White "Andychesston"]
[Black "Picifarkinca"]
[WhiteElo "1790"]
[BlackElo "1870"]
[Result "1-0"]
[Round "1"]
1.e4 c5
2.Ng1f3 Nb8c6
3.d4 cxd4
4.Nf3xd4 e5
5.Nd4b5 d6
6.Bc1d2 Ng8f6
7.Nb1c3 a6
8.Nb5a3 Bf8e7
9.Bd2e3 O-O
10.Bf1d3 b5
11.O-O b4
12.Nc3d5 bxa3
13.bxa3 Bc8e6
14.Be3b6 Qd8d7
15.Nd5c7 a5
16.Nc7xa8 Rf8xa8
17.c3 d5
18.Qd1a4 Qd7d6
19.Ra1d1 Ra8b8
20.Bb6xa5 Rb8a8
21.exd5  { time }
1-0

[Event "Match"]
[Site "www.echecsemail.com"]
[Date "2020.02.12"]
[Round "1"]
[White "Luzhin"]
[Black "Numanoid"]
[WhiteElo "2490"]
[BlackElo "2760"]
[Result "0-1"]
[Round "1"]
1.e4 Nb8c6
2.d4 d5
3.e5 Bc8f5
4.Bf1b5 e6
5.c3 Ng8e7
6.Nb1d2 a6
7.Bb5a4 f6
8.f4 h5
9.Ng1f3 h4
10.h3 Qd8d7
11.Nd2f1 Bf5e4
12.Nf1e3 Ne7f5
13.Ne3xf5 exf5
14.O-O Bf8e7
15.Nf3d2 b5
{ resign }
0-1

[Event "Tourn. n10282"]
[Site "www.echecsemail.com"]
[Date "2020.02.12"]
[Round "1"]
[White "Andychesston"]
[Black "Picifarkinca"]
[WhiteElo "1850"]
[BlackElo "1910"]
[Result "1-0"]
[Round "1"]
1.e4 c5
2.Ng1f3 g6
3.d4 Bf8g7
4.dxc5 Qd8a5
5.c3 Qa5xc5
6.Bc1e3 Qc5c7
7.Bf1b5 a6
8.Bb5a4 b5
9.Ba4b3 e6
10.O-O Bc8b7
11.Nb1d2  { time }
1-0

[Event "Tourn. n10262"]
[Site "www.echecsemail.com"]
[Date "2020.02.12"]
[Round "1"]
[White "Andychesston"]
[Black "Picifarkinca"]
[WhiteElo "1800"]
[BlackElo "1870"]
[Result "1-0"]
[Round "1"]
1.e4 c5
2.Ng1f3 Nb8c6
3.d4 cxd4
4.Nf3xd4 e5
5.Nd4xc6 bxc6
6.a3 Ng8f6
7.Nb1c3 Bc8b7
8.Bc1g5 Bf8e7
9.Bf1d3 O-O
10.O-O Qd8e8
11.f4 exf4
12.Bg5xf4 d5
13.e5 Be7c5
14.Kh1 Nf6d7
15.Qd1e2 Qe8e6
16.Qe2h5 g6
17.Qh5g5 Rf8e8
18.Ra1e1 Bc5e7
19.Qg5h6 Be7f8
20.Qh6h4 Bf8g7
21.Nc3a4 c5
22.Bd3b5 Ra8c8
23.Bb5xd7  { time }
1-0

[Event "Tourn. n10262"]
[Site "www.echecsemail.com"]
[Date "2020.02.12"]
[Round "1"]
[White "Pariolinius"]
[Black "Picifarkinca"]
[WhiteElo "1960"]
[BlackElo "1870"]
[Result "1-0"]
[Round "1"]
1.d4 Ng8f6
2.c4 e5
3.d5 Bf8c5
4.Bc1g5 Bc5xf2
5.Kxf2 Nf6g4
6.Ke1 Qd8xg5
7.Ng1f3 Qg5e3
8.Qd1b3 Qe3c1
9.Qb3d1 Qc1xd1
10.Kxd1 e4
11.h3 Ng4e3
12.Kd2 Ne3xc4
13.Kc3 Nc4b6
14.Nf3d4 Nb6xd5
15.Kc2 c6
16.Nb1c3 Nd5f6
17.e3 d5
18.Bf1e2 O-O
19.Rh1f1 Nb8d7
20.b4 Nd7e5
21.Nc3a4 Nf6d7
22.Na4c5 Nd7xc5
23.bxc5 Bc8d7
24.Ra1b1 Ra8b8
25.Nd4f5 Bd7xf5
26.Rf1xf5 Ne5d7
27.g4 Nd7xc5
28.g5 Nc5e6
29.h4 f6
30.gxf6 g6
31.Rf5f2 Rf8f7
32.Be2g4 Ne6g7
33.Rb1f1 Rb8f8
34.Kd2  { time }
1-0

[Event "Match"]
[Site "www.echecsemail.com"]
[Date "2020.02.12"]
[Round "1"]
[White "Storzman"]
[Black "Picifarkinca"]
[WhiteElo "2190"]
[BlackElo "1920"]
[Result "1-0"]
[Round "1"]
1.d4 Ng8f6
2.Ng1f3 e6
3.e3 Bf8b4
4.c3 Bb4e7
5.Bf1d3 O-O
6.O-O b6
7.Nb1d2 Bc8b7
8.Rf1e1 d5
9.b3 Nb8d7
10.e4 dxe4
11.Nd2xe4 Nf6xe4
12.Bd3xe4 Bb7xe4
13.Re1xe4 Nd7f6
14.Re4e2 c5
15.Bc1a3 cxd4
16.Ba3xe7 Qd8xe7
17.Nf3xd4 Qe7b7
18.Qd1c2  { time }
1-0

[Event "Tourn. n10277"]
[Site "www.echecsemail.com"]
[Date "2020.02.12"]
[Round "1"]
[White "Picifarkinca"]
[Black "Estonia"]
[WhiteElo "1890"]
[BlackElo "1900"]
[Result "0-1"]
[Round "1"]
1.Ng1f3 Ng8f6
2.d4 d5
3.e3 Bc8g4
4.Bf1d3 e6
5.Nb1d2 Bf8d6
6.b3 Bd6b4
7.Bc1b2 Nb8d7
8.c3 Bb4e7
9.O-O c5
10.dxc5 Be7xc5
11.Qd1c2 Qd8c7
12.c4 Ra8c8
13.Ra1c1 Bg4xf3
14.Nd2xf3 Bc5d6
15.cxd5 Nf6xd5
16.Qc2xc7 Rc8xc7
17.Rc1xc7 Bd6xc7
18.Rf1c1 Kd8
19.Bb2xg7 Rh8g8
20.Bg7b2 h5
21.Bd3h7 Rg8g4
22.h3 Rg4b4
23.Bh7d3 f5
24.Kf1 a5
25.Nf3d4 Bc7e5
26.Bb2a3 Rb4xd4
27.exd4 Be5xd4
28.Ba3d6 Nd7f6
29.Ke2 Nd5c3
30.Rc1xc3 Bd4xc3
31.Bd3c4 Nf6e4
32.Bd6f8 Ke8
33.Bf8h6 Ke7
34.Bh6c1 e5
35.Bc4d5 Ne4d6
36.Bc1g5 Kd7
37.Bd5f3 f4
38.Bf3xh5 Nd6e4
39.Bh5g4 Kd6
40.Bg5h4 b5
 { time }
0-1

[Event "Tourn. n10282"]
[Site "www.echecsemail.com"]
[Date "2020.02.12"]
[Round "1"]
[White "Picifarkinca"]
[Black "Madz123456"]
[WhiteElo "1920"]
[BlackElo "1800"]
[Result "0-1"]
[Round "1"]
1.d4 Ng8f6
2.Ng1f3 e6
3.g3 c5
4.Bf1g2 cxd4
5.Nf3xd4 d5
6.O-O e5
7.Nd4b3 Bf8e7
8.c3 O-O
9.Bc1g5 Nb8d7
10.Nb1d2 a5
11.Ra1c1 h6
12.Bg5xf6 Nd7xf6
13.e4 dxe4
14.Nd2xe4 Nf6xe4
 { time }
0-1

[Event "Tourn. n10259"]
[Site "www.echecsemail.com"]
[Date "2020.02.12"]
[Round "1"]
[White "Picifarkinca"]
[Black "Osopanda"]
[WhiteElo "1870"]
[BlackElo "1600"]
[Result "0-1"]
[Round "1"]
1.d4 d5
2.c4 c6
3.Ng1f3 e6
4.Nb1c3 Ng8f6
5.e3 Bf8d6
6.c5 Bd6c7
7.b4 a6
8.Bf1d3 O-O
9.O-O Nb8d7
10.Bc1b2 Rf8e8
11.Qd1c2 Nd7f8
12.Ra1e1 Nf8g6
13.e4 dxe4
14.Nc3xe4 Nf6d5
15.Qc2b3 e5
16.dxe5 Bc8e6
17.Bd3c4 b5
18.cxb6 Bc7xb6
19.Ne4c5 Ra8b8
20.Nc5xa6 Rb8a8
21.Na6c5 Bb6xc5
22.bxc5 Ra8b8
23.Qb3a3 Rb8a8
 { time }
0-1

[Event "1/64 Finale"]
[Site "www.chess-mail.com"]
[Date "2020.02.12"]
[Round "1"]
[White "Lakeknight"]
[Black "Fereike"]
[WhiteElo "2420"]
[BlackElo "1670"]
[Result "1-0"]
[Round "1"]
1.e4 c5
2.Ng1f3 Nb8c6
3.c3 d5
4.Bf1d3 e5
5.O-O Ng8f6
6.Qd1e2 d4
7.Bd3b5 Bf8d6
8.Bb5xc6 bxc6
9.c4 O-O
10.d3 Ra8b8
11.h3 Nf6e8
12.g4 Ne8c7
13.Kg2 Nc7e6
14.b3 Rb8b7
15.Bc1d2 Qd8c7
16.Nb1a3 Ne6f4
17.Bd2xf4 exf4
18.Na3c2 f6
19.b4 Qc7e7
20.bxc5 Bd6xc5
21.Nc2xd4 Bc5xd4
22.Nf3xd4 Qe7e5
23.Nd4b3 f5
24.f3 fxg4
25.fxg4 f3
26.Rf1xf3 Rf8xf3
27.Qe2xf3  { time }
1-0

[Event "Tourn. n10291"]
[Site "www.echecsemail.com"]
[Date "2020.02.13"]
[Round "1"]
[White "Malbertan"]
[Black "Picifarkinca"]
[WhiteElo "2090"]
[BlackElo "1890"]
[Result "1-0"]
[Round "1"]
1.e4 c5
2.Ng1f3 Nb8c6
3.d4 cxd4
4.Nf3xd4 e5
5.Nd4b5 d6
6.c4 Ng8f6
7.Nb1c3 a6
8.Nb5a3 h6
9.Na3c2  { time }
1-0

[Event "Tourn. n10274"]
[Site "www.echecsemail.com"]
[Date "2020.02.13"]
[Round "1"]
[White "Picifarkinca"]
[Black "Osopanda"]
[WhiteElo "1920"]
[BlackElo "1710"]
[Result "0-1"]
[Round "1"]
1.e4 c5
2.Nb1c3 e6
3.Ng1f3 Nb8c6
4.d4 cxd4
5.Nf3xd4 Nc6xd4
6.Qd1xd4 a6
7.Bc1e3 d6
8.Bf1e2 Ng8f6
9.O-O Bf8e7
10.f4 O-O
11.Be2f3 b5
12.e5 Nf6d5
 { time }
0-1

[Event "Tourn. n10290"]
[Site "www.echecsemail.com"]
[Date "2020.02.13"]
[Round "1"]
[White "Tartan"]
[Black "Churrasca"]
[WhiteElo "2450"]
[BlackElo "2320"]
[Result "1-0"]
[Round "1"]
1.d4 d5
2.c4 e6
3.Nb1c3 Ng8f6
4.Bc1g5 Bf8e7
5.Ng1f3 O-O
6.e3 h6
7.Bg5h4 g5
8.Bh4g3 Nf6h5
9.Nf3e5 Nh5xg3
10.hxg3 Kg7
11.Qd1h5 Rf8h8
12.Qh5xf7 { resign }
1-0

[Event "Tourn. n10261"]
[Site "www.echecsemail.com"]
[Date "2020.02.13"]
[Round "1"]
[White "D4minance"]
[Black "Jerome"]
[WhiteElo "2880"]
[BlackElo "2900"]
[Result "1/2-1/2"]
[Round "1"]
1.d4 Ng8f6
2.c4 g6
3.g3 Bf8g7
4.Bf1g2 O-O
5.Nb1c3 c5
6.d5 d6
7.Ng1f3 e6
8.O-O exd5
9.cxd5 a6
10.a4 Rf8e8
11.Rf1e1 Nb8d7
12.Bc1f4 Nf6g4
13.a5 Nd7e5
14.Nc3e4 h6
15.Qd1c1 g5
16.Nf3xe5 Ng4xe5
17.Bf4xe5 Bg7xe5
18.Ne4d2 Bc8d7
19.Nd2c4 Qd8f6
20.Ra1a3 Re8e7
21.Nc4xe5 Qf6xe5
22.Ra3b3 Bd7b5
23.Rb3e3 Qe5f6
24.Re3xe7 Qf6xe7
25.e4 Qe7e5
26.h4 Kf8
27.hxg5 hxg5
28.Bg2h3 Ke7
29.Kg2 Ra8g8
30.Bh3g4 { draw }
1/2-1/2

[Event "Tourn. n10257"]
[Site "www.echecsemail.com"]
[Date "2020.02.13"]
[Round "1"]
[White "Picifarkinca"]
[Black "Cal"]
[WhiteElo "1850"]
[BlackElo "1720"]
[Result "0-1"]
[Round "1"]
1.c4 e5
2.Nb1c3 c6
3.e4 h6
4.Ng1f3 Ng8f6
5.d4 exd4
6.Nf3xd4 Bf8b4
7.Qd1d3 b6
8.Nd4f5 d6
9.Bf1e2 O-O
10.Nf5g3 Bc8a6
11.O-O Qd8e7
12.b3 Bb4xc3
13.Qd3xc3 c5
14.Be2f3 Nb8c6
15.Bc1b2 Nc6d4
16.Rf1e1 Qe7e5
17.Re1e3 b5
18.Ra1d1 b4
19.Qc3d2 Ra8d8
20.Bb2xd4 cxd4
21.Qd2xd4 Qe5xd4
22.Rd1xd4 Nf6h7
23.Re3d3 f6
24.Rd4xd6 Rd8xd6
25.Rd3xd6 Ba6c8
26.Ng3f5 Bc8xf5
27.exf5 Nh7g5
28.Bf3d5 Kh7
29.h4 Ng5f7
30.Rd6d7 Nf7e5
31.Rd7xa7 h5
32.f3 Kh6
33.Ra7a8 Rf8xa8
 { time }
0-1

[Event "Tourn. n10277"]
[Site "www.echecsemail.com"]
[Date "2020.02.13"]
[Round "1"]
[White "Mb20"]
[Black "Picifarkinca"]
[WhiteElo "1969"]
[BlackElo "1890"]
[Result "1-0"]
[Round "1"]
1.e4 c5
2.Ng1f3 Nb8c6
3.d4 cxd4
4.Nf3xd4 e5
5.Nd4b5 d6
6.c4 a6
7.Nb5c3 Ng8f6
8.Bf1e2 Bc8e6
9.O-O Bf8e7
10.Bc1g5 O-O
11.Nb1d2 Nc6d4
12.Nd2f3 Nd4xf3
13.gxf3 Ra8c8
14.Bg5xf6 Be7xf6
15.Kh1 Be6xc4
16.Be2xc4 Rc8xc4
17.Rf1g1 Rc4d4
18.Qd1c1 Bf6h4
19.Qc1h6 Qd8f6
20.Rg1xg7 Qf6xg7
21.Ra1g1 Qg7xg1
22.Kxg1 Bh4e7
23.Nc3d5 Rd4d1
24.Kg2 Rf8e8
25.Qh6g5  { time }
1-0

[Event "Match"]
[Site "www.echecsemail.com"]
[Date "2020.02.13"]
[Round "1"]
[White "Gambitmiau"]
[Black "Mb20"]
[WhiteElo "1810"]
[BlackElo "1809"]
[Result "1/2-1/2"]
[Round "1"]
1.e4 c5
2.Ng1f3 d6
3.d4 cxd4
4.Qd1xd4 a6
5.Bf1c4 Nb8c6
6.Qd4d5 e6
7.Qd5g5 Qd8xg5
8.Nf3xg5 h6
9.Ng5f3 Ng8f6
10.Nb1d2 Bf8e7
11.O-O O-O
12.Bc4b3 Bc8d7
13.Rf1e1 Ra8c8
14.Nd2c4 b5
15.Nc4a3 e5
16.c4 b4
17.Na3c2 a5
18.a3 bxa3
19.Nc2xa3 Nc6b4
20.Re1e3 Bd7c6
21.Re3c3 Nf6xe4
22.Rc3e3 Rf8d8
23.Bc1d2 Ne4xd2
24.Nf3xd2 Be7g5
25.Re3e2 Bg5xd2
{ draw }
1/2-1/2

[Event "Tourn. n10252"]
[Site "www.echecsemail.com"]
[Date "2020.02.13"]
[Round "1"]
[White "Ranjachess"]
[Black "Picifarkinca"]
[WhiteElo "1790"]
[BlackElo "1800"]
[Result "1-0"]
[Round "1"]
1.d4 e6
2.a3 c5
3.d5 d6
4.e4 exd5
5.Qd1xd5 Ng8f6
6.Bf1b5 Nb8d7
7.Bc1g5 Qd8a5
8.b4 Nf6xd5
9.Bb5xd7 Bc8xd7
10.bxa5 Nd5c7
11.Nb1d2 Nc7e6
12.Nd2f3 Ne6xg5
13.Nf3xg5 f6
14.Ng5h3 Bf8e7
15.f4 O-O-O
16.Ng1e2 Bd7c6
17.Ne2c3 Rh8e8
18.O-O Be7f8
19.Ra1e1 a6
20.g4 Kc7
21.a4 g6
22.g5 fxg5
23.Nh3xg5 Bf8g7
24.Rf1f3 h6
25.Ng5h3 Bg7xc3
26.Rf3xc3 Re8xe4
27.Re1e3 Re4xa4
28.Re3e6 Rd8g8
29.Rc3e3 Ra4xa5
30.Re3g3 Bc6e8
31.f5  { time }
1-0

[Event "Tourn. n10277"]
[Site "www.echecsemail.com"]
[Date "2020.02.13"]
[Round "1"]
[White "Picifarkinca"]
[Black "Malbertan"]
[WhiteElo "1900"]
[BlackElo "2050"]
[Result "0-1"]
[Round "1"]
1.e4 e5
2.Ng1f3 Nb8c6
3.Bf1b5 a6
4.Bb5a4 Bf8c5
5.O-O b5
6.Ba4b3 Ng8f6
7.d3 O-O
8.c3 d5
9.Qd1e2 Bc8g4
10.Rf1d1 dxe4
11.dxe4 Qd8e7
12.Nb1d2 Ra8d8
13.Bb3c2 Nf6h5
14.Nd2f1 Qe7f6
15.Nf1e3 Nh5f4
16.Qe2f1 Bg4xf3
17.gxf3 Qf6h4
18.Ne3g2 Nf4h3
 { time }
0-1

[Event "Tourn. n10259"]
[Site "www.echecsemail.com"]
[Date "2020.02.13"]
[Round "1"]
[White "Gambittiger"]
[Black "Picifarkinca"]
[WhiteElo "1819"]
[BlackElo "1870"]
[Result "1-0"]
[Round "1"]
1.d4 c6
2.c4 d5
3.cxd5 cxd5
4.Ng1f3 Nb8c6
5.Nb1c3 Ng8f6
6.Bc1f4 Bc8f5
7.e3 e6
8.Bf1d3 Bf5xd3
9.Qd1xd3 Bf8d6
10.Bf4xd6 Qd8xd6
11.O-O O-O
12.Rf1c1 Rf8e8
13.Nc3b5 Qd6b8
14.Qd3a3 a6
15.Nb5c3 e5
16.dxe5 Nc6xe5
17.Nf3xe5 Qb8xe5
18.Qa3b4 Qe5e7
19.Qb4xe7 Re8xe7
20.Nc3e2 Nf6e8
21.Rc1c5 Ne8f6
22.Ra1c1 Ra8d8
23.Ne2d4 g6
24.h3 Kg7
25.a4 Nf6e4
26.Rc5c2 Ne4d6
27.b3 Re7d7
28.a5 Kf6
29.Rc2c5 Nd6e8
30.b4 Ke5
31.b5 Kd6
32.bxa6 bxa6
33.Rc5c6 Ke7
34.Rc6xa6 Rd7d6
35.Ra6xd6  { time }
1-0

[Event "Match"]
[Site "www.echecsemail.com"]
[Date "2020.02.13"]
[Round "1"]
[White "Eeze"]
[Black "Picifarkinca"]
[WhiteElo "1670"]
[BlackElo "1900"]
[Result "1-0"]
[Round "1"]
1.e4 e6
2.Ng1f3 c5
3.c3 Nb8c6
4.d3 d6
5.Bc1g5 Bf8e7
6.Bg5xe7 Ng8xe7
7.Nb1d2 O-O
8.Bf1e2 b6
9.h3 Bc8b7
10.O-O Ne7g6
11.Nf3h2 d5
12.Be2f3 Nc6e5
13.Bf3e2 dxe4
14.Nd2xe4 Bb7xe4
15.dxe4 Qd8c7
16.Be2b5  { time }
1-0

[Event "Tourn. n10290"]
[Site "www.echecsemail.com"]
[Date "2020.02.13"]
[Round "1"]
[White "Krystek23"]
[Black "Churrasca"]
[WhiteElo "2410"]
[BlackElo "2320"]
[Result "0-1"]
[Round "1"]
1.c4 e5
2.Nb1c3 Ng8f6
3.d3 Nb8c6
4.Ng1f3 Bf8b4
5.Qd1c2 O-O
6.e3 Bb4xc3
7.Qc2xc3 d6
8.Bf1e2 e4
9.Nf3d2 d5
10.dxe4 dxe4
11.b4 a6
12.O-O Rf8e8
 { time }
0-1

[Event "Tourn. n10282"]
[Site "www.echecsemail.com"]
[Date "2020.02.13"]
[Round "1"]
[White "Ditto"]
[Black "Fereike"]
[WhiteElo "1940"]
[BlackElo "1820"]
[Result "1-0"]
[Round "1"]
1.e4 c5
2.Bf1c4 e6
3.Ng1f3 d5
4.exd5 exd5
5.Bc4e2 Nb8c6
6.Be2b5 Bf8d6
7.O-O Ng8e7
8.d3  { time }
1-0

[Event "Tourn. n10282"]
[Site "www.echecsemail.com"]
[Date "2020.02.13"]
[Round "1"]
[White "Picifarkinca"]
[Black "Ditto"]
[WhiteElo "1930"]
[BlackElo "1950"]
[Result "0-1"]
[Round "1"]
1.e4 e5
2.Ng1f3 Nb8c6
3.Bf1c4 Ng8f6
4.d3 Bf8c5
5.O-O d6
6.c3 a6
7.a4 Bc8g4
8.Bc1e3 Bc5xe3
9.fxe3 Ra8b8
 { time }
0-1

[Event "1/64 Finale"]
[Site "www.chess-mail.com"]
[Date "2020.02.13"]
[Round "1"]
[White "Hennie4820"]
[Black "Picifarkinca"]
[WhiteElo "2090"]
[BlackElo "1920"]
[Result "1-0"]
[Round "1"]
1.e4 c5
2.Ng1f3 Nb8c6
3.d4 cxd4
4.Nf3xd4 e5
5.Nd4b5 d6
6.c4 Ng8f6
7.Bc1g5 a6
8.Nb5a3 Bf8e7
9.Bg5xf6 Be7xf6
10.Nb1c3 g6
11.Bf1e2 O-O
12.O-O Bc8e6
13.Qd1d2 Nc6d4
14.Na3c2 Nd4xc2
15.Qd2xc2 Ra8c8
16.b3 Bf6g7
17.Ra1d1 Qd8c7
18.Nc3d5 Be6xd5
19.exd5  { time }
1-0

[Event "Tourn. n10252"]
[Site "www.echecsemail.com"]
[Date "2020.02.14"]
[Round "1"]
[White "Osopanda"]
[Black "Ranjachess"]
[WhiteElo "1610"]
[BlackElo "1810"]
[Result "0-1"]
[Round "1"]
1.d4 d5
2.c4 e6
3.Nb1c3 Bf8b4
4.Qd1c2 Ng8f6
5.Bc1g5 O-O
6.Ng1f3 h6
7.Bg5xf6 Qd8xf6
8.e3 Nb8c6
9.cxd5 exd5
10.Bf1e2 Bb4xc3
11.bxc3 Bc8f5
12.Be2d3 Bf5g4
13.Nf3e5 Nc6xe5
14.dxe5 Qf6xe5
15.O-O c5
16.Qc2d2 Rf8e8
17.Ra1e1 Ra8d8
18.Bd3b1 b5
19.f3 Bg4f5
20.Bb1xf5 Qe5xf5
21.Qd2f2 Qf5f6
22.Qf2b2 b4
23.Qb2b3 Qf6xc3
24.Qb3xc3 bxc3
25.Rf1f2 d4
26.Rf2c2 Re8xe3
27.Re1xe3 dxe3
28.Kf1 Rd8d3
29.Ke2 c4
30.a4 g5
31.g3 f5
32.h4 f4
33.hxg5 fxg3
34.Kf1 h5
35.f4 Rd3d1
36.Kg2 Rd1d2
{ resign }
0-1

[Event "Tourn. n10270"]
[Site "www.echecsemail.com"]
[Date "2020.02.14"]
[Round "1"]
[White "Malbertan"]
[Black "Mb20"]
[WhiteElo "2070"]
[BlackElo "1809"]
[Result "1/2-1/2"]
[Round "1"]
1.e4 c5
2.Ng1f3 d6
3.d4 cxd4
4.Qd1xd4 a6
5.Nb1c3 Nb8c6
6.Qd4d1 Ng8f6
7.Bf1e2 e6
8.O-O Bf8e7
9.Bc1f4 O-O
10.e5 dxe5
11.Nf3xe5 Nc6xe5
12.Bf4xe5 Qd8xd1
13.Ra1xd1 b5
14.Be2f3 Ra8a7
15.Be5d4 Ra7d7
16.Bf3c6 Rd7c7
17.Bc6f3 Bc8b7
18.Bf3xb7 Rc7xb7
19.Rf1e1 Rf8d8
20.Bd4e3 Rb7d7
21.Kf1 b4
22.Rd1xd7 Rd8xd7
23.Nc3e2 h6
24.Ne2d4 Be7c5
25.Nd4b3 Bc5xe3
26.fxe3 Nf6e4
27.Ke2 Rd7c7
28.Re1c1 Ne4c5
29.Nb3xc5 Rc7xc5
30.Kd2 Kf8
31.c4 a5
{ draw }
1/2-1/2

[Event "Tourn. n10280"]
[Site "www.echecsemail.com"]
[Date "2020.02.14"]
[Round "1"]
[White "Numanoid"]
[Black "Jazzy"]
[WhiteElo "2770"]
[BlackElo "2290"]
[Result "1-0"]
[Round "1"]
1.e4 b6
2.d4 Bc8b7
3.Bf1d3 e6
4.Ng1f3 c5
5.Nb1c3 cxd4
6.Nf3xd4 Ng8e7
7.Bc1f4 a6
8.O-O Ne7g6
9.Bf4g3 Bf8e7
10.Nd4f5 exf5
11.exf5 Ng6h4
12.Qd1h5 Nh4xf5
13.Bd3xf5 Be7f6
14.Bg3d6 Nb8c6
15.Nc3d5 { resign }
1-0

[Event "Match"]
[Site "www.echecsemail.com"]
[Date "2020.02.14"]
[Round "1"]
[White "Emmanuel69"]
[Black "Mb20"]
[WhiteElo "1970"]
[BlackElo "1809"]
[Result "1/2-1/2"]
[Round "1"]
1.c4 Ng8f6
2.d4 g6
3.Nb1c3 d5
4.e3 Bf8g7
5.Ng1f3 O-O
6.cxd5 Nf6xd5
7.Nc3xd5 Qd8xd5
8.Bf1e2 c5
9.dxc5 Qd5xc5
10.O-O Bc8g4
11.h3 Bg4xf3
12.Be2xf3 Nb8c6
13.a3 Ra8d8
14.Qd1e2 Rd8d6
15.Rf1d1 Rf8d8
16.Rd1xd6 Qc5xd6
17.Ra1b1 a6
18.b4 b5
19.Bc1b2 Bg7xb2
20.Qe2xb2 Nc6e5
21.Bf3e2 Qd6f6
22.g3 Qf6d6
23.Kg2 Qd6d2
24.Kf1 Qd2xb2
25.Rb1xb2 Rd8d6
26.Ke1 Ne5d3
{ draw }
1/2-1/2

[Event "Match"]
[Site "www.echecsemail.com"]
[Date "2020.02.14"]
[Round "1"]
[White "Aiko1603"]
[Black "Mb20"]
[WhiteElo "2090"]
[BlackElo "1809"]
[Result "1/2-1/2"]
[Round "1"]
1.c4 Ng8f6
2.Nb1c3 g6
3.g3 Bf8g7
4.Bf1g2 O-O
5.Ng1f3 d6
6.d3 c6
7.O-O Bc8g4
8.Bc1g5 Nb8d7
9.h3 Bg4xf3
10.Bg2xf3 Nd7e5
11.Bf3g2 Ne5d7
12.b4 a6
13.Ra1c1 h6
14.Bg5e3 Ra8c8
15.a4 Kh7
16.Nc3e4 Nf6xe4
17.Bg2xe4 Nd7f6
18.Be4g2 d5
19.c5 e5
20.f4 exf4
21.Be3xf4 Rf8e8
22.d4 Qd8e7
23.Rc1c2 Nf6e4
24.Qd1d3 Kh8
25.Qd3e3 g5
26.Bf4d6 Ne4xd6
27.Qe3xe7 Re8xe7
28.cxd6 Re7d7
29.e3 Rc8e8
30.Rc2c3 Re8e6
31.h4 Re6xd6
32.hxg5 hxg5
33.Rf1f5 Bg7h6
34.Bg2h3 Rd7e7
35.Kf2 Rd6g6
36.Kf3 Kg8
37.Bh3g4 Kg7
38.Bg4h5 Rg6f6
39.Rf5xf6 Kxf6
40.Bh5g4 Re7e8
41.Rc3c2 Bh6f8
{ draw }
1/2-1/2

[Event "Tourn. n10257"]
[Site "www.echecsemail.com"]
[Date "2020.02.14"]
[Round "1"]
[White "Fereike"]
[Black "Cal"]
[WhiteElo "1650"]
[BlackElo "1720"]
[Result "0-1"]
[Round "1"]
1.c4 e5
2.Nb1c3 Ng8f6
3.g3 a6
4.Bf1g2 c6
5.d4 exd4
6.Qd1xd4 Bf8e7
7.Bc1f4 Be7b4
8.Bf4d6 Bb4xd6
9.Qd4xd6 Qd8e7
10.Qd6xe7 Kxe7
11.Ng1f3 d6
12.O-O h6
13.Ra1d1 Bc8e6
14.Nf3d4 c5
15.Nd4xe6 fxe6
16.Bg2xb7 Ra8a7
17.Bb7g2 Nb8c6
18.Bg2xc6 Rh8c8
19.Bc6f3 Rc8b8
20.b3 Nf6d7
21.Nc3e4 Nd7e5
22.Bf3g2 Rb8d8
23.Rd1d2 g5
24.Rf1d1 Ra7d7
25.Ne4c3 Ne5f7
26.Nc3a4 Nf7e5
27.Na4b6 Rd7a7
28.f4 gxf4
29.gxf4 Ne5g4
30.e4 h5
31.e5 Ng4e3
32.exd6 Kf7
33.Rd1e1 Ne3f5
34.Bg2e4 Nf5d4
 { time }
0-1

[Event "Tourn. n10290"]
[Site "www.echecsemail.com"]
[Date "2020.02.14"]
[Round "1"]
[White "Fantomas"]
[Black "Tartan"]
[WhiteElo "2190"]
[BlackElo "2450"]
[Result "0-1"]
[Round "1"]
1.e4 c5
2.Ng1f3 Nb8c6
3.Nb1c3 Ng8f6
4.d4 cxd4
5.Nf3xd4 g6
6.Bc1e3 Bf8g7
7.Nd4b3 O-O
8.Bf1e2 a5
9.Nb3d4 d5
10.Nd4xc6 bxc6
11.e5 Nf6e4
12.Nc3xe4 dxe4
13.Be3d4 Qd8c7
14.Qd1c1 c5
15.Bd4c3 Bg7xe5
16.Bc3xe5 Qc7xe5
17.c3 Bc8a6
18.Qc1c2 Ba6d3
19.Qc2d2 Rf8d8
20.Qd2e3 Ra8b8
21.O-O Rb8xb2
{ resign }
0-1

[Event "Tourn. n10277"]
[Site "www.echecsemail.com"]
[Date "2020.02.14"]
[Round "1"]
[White "Odin"]
[Black "Picifarkinca"]
[WhiteElo "1800"]
[BlackElo "1900"]
[Result "1-0"]
[Round "1"]
1.d4 Ng8f6
2.Bc1f4 d6
3.Ng1f3 g6
4.Nb1c3 Bf8g7
5.e4 O-O
6.e5 dxe5
7.dxe5 Nf6d7
8.Bf1c4 Nd7b6
9.Bc4b3 Nb8d7
10.e6 fxe6
11.Bb3xe6 Kh8
12.O-O c6
13.Bf4d2 Rf8xf3
14.Qd1xf3 Nd7f6
15.Be6xc8  { time }
1-0

[Event "Match"]
[Site "www.echecsemail.com"]
[Date "2020.02.14"]
[Round "1"]
[White "Phil4be"]
[Black "Stevep84"]
[WhiteElo "1499"]
[BlackElo "2280"]
[Result "0-1"]
[Round "1"]
1.g4 e5
2.c4 c6
3.Bf1g2 d5
4.cxd5 cxd5
5.Nb1c3 Bc8e6
6.Qd1b3 Qd8d7
7.h3 Nb8c6
8.Ng1f3 d4
9.Qb3b5 dxc3
10.dxc3 Bf8d6
11.O-O a6
12.Qb5b6 Bd6c7
13.Qb6xb7 Ra8a7
14.Qb7b5 axb5
15.Nf3g5 Ng8f6
16.Bc1e3 Ra7xa2
17.Ra1xa2 Be6xa2
{ resign }
0-1

[Event "Match"]
[Site "www.echecsemail.com"]
[Date "2020.02.14"]
[Round "1"]
[White "Bjonil60"]
[Black "Mb20"]
[WhiteElo "1420"]
[BlackElo "1809"]
[Result "0-1"]
[Round "1"]
1.Ng1h3 e5
2.f3 d5
3.d4 exd4
4.Qd1xd4 Nb8c6
5.Qd4d2 Bc8xh3
6.gxh3 Qd8h4
7.Kd1 Bf8b4
8.c3 Bb4e7
9.b3 Ng8f6
10.a3 O-O
11.b4 Nc6e5
12.f4 Ne5c4
13.Qd2d3 c6
14.Bf1g2 Ra8d8
15.Qd3c2 d4
16.cxd4 Rd8xd4
17.Bc1d2 Nc4e3
18.Kc1 Ne3xc2
19.Kxc2 Rf8d8
20.Bd2c3 Qh4xf4
21.Rh1f1 Rd4c4
22.Nb1d2 Qf4e3
23.Rf1f3 Rc4xc3
24.Kd1 Qe3xd2

0-1

[Event "Tourn. n10256"]
[Site "www.echecsemail.com"]
[Date "2020.02.14"]
[Round "1"]
[White "Fabos12"]
[Black "Osopanda"]
[WhiteElo "1480"]
[BlackElo "1660"]
[Result "1-0"]
[Round "1"]
1.d4 d5
2.Ng1f3 e6
3.Bc1f4 Bf8d6
4.Bf4g3 f5
5.Nf3e5 Ng8f6
6.h3 Nb8d7
7.Nb1d2 O-O
8.e3 Nf6e4
9.Nd2xe4 dxe4
10.Bf1c4 Nd7xe5
11.dxe5 Bd6b4
12.c3 Bb4c5
13.Qd1c2 b6
14.Ra1d1 Qd8e7
15.b4 f4
16.Bg3xf4 Bc8b7
17.bxc5 Ra8d8
18.O-O g5
19.Bf4h2 Bb7d5
20.Bc4xd5 exd5
21.c6 Rf8f5
22.c4 d4
23.Qc2xe4 Rf5f7
24.exd4 Qe7e6
25.d5 Qe6h6
26.d6 cxd6
27.Rd1xd6 Rd8xd6
28.exd6 { resign }
1-0